[Event "Medimurska CupT"]
[Site "Croatia"]
[Date "2019.03.10"]
[Round "5.9"]
[White "Kristofic, Franjo"]
[Black "Jurcec, Andjelko"]
[Result "0-1"]
[WhiteElo "1142"]
[BlackElo "1472"]
[PlyCount "78"]
[EventDate "2019.02.10"]
[EventType "team-swiss"]
[EventRounds "6"]
[EventCountry "CRO"]
[SourceTitle "EXT 2020"]
[Source "ChessBase"]
[SourceDate "2019.10.17"]
[SourceVersion "1"]
[SourceVersionDate "2019.10.17"]
[SourceQuality "1"]

1. d4 d5 2. c4 Nf6 3. Nc3 c6 4. Bg5 Ne4 5. Nxe4 dxe4 6. e3 h6 7. Bf4 e6 8. c5 Qa5+ 9. Qd2 Qxd2+ 10. Kxd2 b6 11. cxb6 axb6 12. Bc4 Be7 13. Ne2 0-0 14. a3 Ba6 15. Bxa6 Nxa6 16. Nc3 f5 17. Rac1 c5 18. Nb5 Rfd8 19. Rhg1 g5 20. Be5 Kf7 21. g4 Bf6 22. Nd6+ Ke7 23. Bxf6+ Kxf6 24. Nb5 e5 25. Rc4 Rac8 26. Kc3 cxd4+ 27. exd4 exd4+ 28. Nxd4 f4 29. Rxc8 Rxc8+ 30. Kb3 Ke5 31. Nf5 Nc5+ 32. Kb4 Nd3+ 33. Kb5 Nxf2 34. Kxb6 Rb8+ 35. Kc5 Rxb2 36. Nxh6 e3 37. Nf7+ Kf6 38. Nd6 e2 39. Re1 Nd3+ 0-1

[Event "Medimurska CupT"]
[Site "Croatia"]
[Date "2019.02.10"]
[Round "1.8"]
[White "Novak, Stjepan"]
[Black "Kristofic, Franjo"]
[Result "1-0"]
[WhiteElo "1499"]
[BlackElo "1142"]
[PlyCount "59"]
[EventDate "2019.02.10"]
[EventType "team-swiss"]
[EventRounds "6"]
[EventCountry "CRO"]
[SourceTitle "EXT 2020"]
[Source "ChessBase"]
[SourceDate "2019.10.17"]
[SourceVersion "1"]
[SourceVersionDate "2019.10.17"]
[SourceQuality "1"]

1. e4 e5 2. Bc4 Nf6 3. Nc3 Bb4 4. Qf3 Bxc3 5. Qxc3 d6 6. d3 0-0 7. Bg5 Nbd7 8. Nf3 h6 9. Bh4 Nb6 10. Bb3 Be6 11. 0-0-0 Re8 12. h3 Bxb3 13. axb3 c6 14. g4 g5 15. Bg3 Nh7 16. Qd2 Qf6 17. Ne1 Nd7 18. h4 Kg7 19. f3 a5 20. hxg5 Nxg5 21. f4 exf4 22. Bxf4 Ra6 23. Ng2 Raa8 24. Nh4 a4 25. Nf5+ Kf8 26. Rxh6 axb3 27. cxb3 Ra1+ 28. Kc2 Qxh6 29. Nxh6 Rxd1 30. Qxd1 1-0

[Event "Medjimurske Team Cup"]
[Site "Nedelisce"]
[Date "2018.02.25"]
[Round "3.7"]
[White "Kristofic, Franjo"]
[Black "Stankovic, Mateo"]
[Result "0-1"]
[WhiteElo "1662"]
[BlackElo "1487"]
[PlyCount "80"]
[EventDate "2018.02.11"]
[EventType "team-swiss"]
[EventRounds "6"]
[EventCountry "CRO"]
[SourceTitle "CBM 183 Extra"]
[Source "ChessBase"]
[SourceDate "2018.04.19"]
[SourceVersion "1"]
[SourceVersionDate "2018.04.19"]
[SourceQuality "1"]

1. d4 d5 2. c4 Nf6 3. Nc3 Bg4 4. h3 Bh5 5. Bg5 dxc4 6. Nf3 e6 7. Qa4+ Nc6 8. Qxc4 Bxf3 9. gxf3 Qxd4 10. Qxd4 Nxd4 11. Bxf6 gxf6 12. 0-0-0 0-0-0 13. Rg1 Bh6+ 14. Kb1 Rd7 15. Bg2 Rg8 16. e3 Ne2 17. Nxe2 Rxd1+ 18. Rxd1 Rxg2 19. Rf1 Bxe3 20. fxe3 Rxe2 21. Rg1 Rxe3 22. Rg7 h5 23. Rxf7 Rxf3 24. Kc2 f5 25. h4 Rf4 26. Re7 Re4 27. Kd3 Kd8 28. Rh7 Rxh4 29. Rh6 Kd7 30. b3 c5 31. Rh7+ Kc6 32. Rh6 Kd5 33. Rh7 Rh3+ 34. Kc2 f4 35. Rxb7 f3 36. Rd7+ Ke4 37. Rf7 e5 38. Kd2 Rh2+ 39. Ke1 Ke3 40. Kd1 f2 0-1

[Event "Medjimurske Team Cup"]
[Site "Nedelisce"]
[Date "2018.02.18"]
[Round "2.6"]
[White "Skrobar, David"]
[Black "Kristofic, Franjo"]
[Result "1-0"]
[WhiteElo "1741"]
[BlackElo "1662"]
[PlyCount "59"]
[EventDate "2018.02.11"]
[EventType "team-swiss"]
[EventRounds "6"]
[EventCountry "CRO"]
[SourceTitle "CBM 183 Extra"]
[Source "ChessBase"]
[SourceDate "2018.04.19"]
[SourceVersion "1"]
[SourceVersionDate "2018.04.19"]
[SourceQuality "1"]

1. d4 c5 2. Nf3 cxd4 3. Nxd4 e6 4. c4 Bc5 5. Nb3 Qb6 6. e3 Bb4+ 7. Bd2 Bxd2+ 8. Qxd2 Nc6 9. Nc3 Nf6 10. g3 Qc7 11. Nb5 Qd8 12. Qd6 Qe7 13. Nc7+ Kf8 14. Qxe7+ Kxe7 15. Nxa8 Kd8 16. Bg2 b6 17. c5 b5 18. a4 b4 19. 0-0 Bb7 20. Nb6 axb6 21. cxb6 Ke7 22. a5 Ra8 23. Nc5 Ba6 24. Nxa6 Rxa6 25. Bxc6 dxc6 26. b7 Nd7 27. Rfc1 Kd6 28. Rd1+ Kc7 29. Rxd7+ Kxd7 30. b8Q 1-0